| 000 | 00740cam a2200193 4500500 | ||
|---|---|---|---|
| 005 | 20251012004850.0 | ||
| 041 | _afre | ||
| 042 | _adc | ||
| 100 | 1 | 0 |
_aDaddah, Donatien _eauthor |
| 700 | 1 | 0 |
_a Glele Ahanhanzo, Yolaine _eauthor |
| 700 | 1 | 0 |
_a Kpozehouen, Alphonse _eauthor |
| 700 | 1 | 0 |
_a Hounkpe Dos-Santos, Bella _eauthor |
| 700 | 1 | 0 |
_a Levêque, Alain _eauthor |
| 245 | 0 | 0 | _aPrevalencia y factores asociados a la no reincorporación al trabajo a los doce meses entre los motociclistas de la cohorte TraumAR |
| 260 | _c2024. | ||
| 500 | _a66 | ||
| 786 | 0 | _nSanté Publique | 36 | HS1 | 2024-09-26 | p. 85-85 | 0995-3914 | |
| 856 | 4 | 1 | _uhttps://shs.cairn.info/revista-sante-publique-2024-HS1-page-85?lang=es&redirect-ssocas=7080 |
| 999 |
_c1515913 _d1515913 |
||